01453nam a2200409 a 4500001000700000003000800007005001700015006001900032007001500051008004100066020001800107035002300125035002400148035002500172035002100197040002600218050002000244080001000264082001400274100002500288245018000313260005600493300001700549533016400566650001800730650002000748650001700768650001500785653001500800653001700815655002700832700003100859700003300890700003900923710001900962856006200981119993FlNmELB20241217175224.0m o d | cr cn|||||||||201109r2006 sp |||||s|||||||||||spa d z9788448150228 a(MiAaPQ)EBC3194762 a(Au-PeEL)EBL3194762 a(CaPaEBR)ebr10491236 a(OCoLC)929292291 aFlNmELBbspacFlNmELB 4aRL71bK393 2006 a616.504a616.52221 aKerdel, Francisco A.10aTerapéutica dermatológicah[recurso electronico] :bguía de bolsillo /cFrancisco A. Kerdel, Paolo Romanelli, Jennifer T. Trent ; traducción, Begoña Moragues Romero. aMadrid [etc.] :bMcGraw-Hill Interamericana,c2006. aXIII, 422 p. aRecurso electrónico. Santa Fe, Arg.: e-libro, 2015. Disponible vía World Wide Web. El acceso puede estar limitado para las bibliotecas afiliadas a e-libro. 0aCosméticos. 0aDermatología. 0aDermatology. 0aCosmetics. aCosmeticos aDermatologia 4aLibros electrónicos.1 aRomanelli, Paolo ,ecoaut.1 aTrent, Jennifer T. ,ecoaut.1 aMoragues Romero, Begoña ,etrad.2 ae-libro, Corp.40uhttps://elibro.net/ereader/politecnicointernacional/50099